000 00333nam a22001457a 4500
008 221018b ||||| |||| 00| 0 eng d
020 _a9780803952645
041 _aeng
080 _23 EDITION
_a004
082 _a004
100 _a19.1
101 _aSHKI
245 _aUTILIZATION FOCUSED EVALUATION
_cPATTON M
942 _2udc
_cBK
999 _c58594
_d58594